| 000 | 00992cam a22003137a 4500 | ||
|---|---|---|---|
| 003 | CHAP | ||
| 005 | 20220817043149.0 | ||
| 008 | 971013s1977 r 00010 d | ||
| 010 | _a67176 | ||
| 011 | _a68148 | ||
| 035 | _a77620 | ||
| 040 | _cCHAP | ||
| 090 | _aFolleto 9978 | ||
| 100 | 0 | 0 |
_aBarnes, Charles M. _910244 |
| 245 | 1 | 4 | _aThe screwworm eradication data system archives |
| 260 |
_aWashington : _bNASA, _c1977 |
||
| 300 |
_a8 p. _b; apénd. |
||
| 490 | 0 |
_aTechnical memorandum _v; x-58197 |
|
| 590 |
_aBATCH-UPD _b10 _c20130110 _lUCH01 _h0558 |
||
| 590 |
_aBATCH-UPD _b10 _c20130110 _lUCH01 _h2247 |
||
| 590 |
_aBATCH-UPD _b10 _c20130410 _lUCH01 _h0240 |
||
| 590 |
_aBATCH-UPD _b10 _c20130914 _lUCH01 _h0538 |
||
| 590 |
_aCONVERSION _b10 _c20130109 _lUCH01 _h1337 |
||
| 650 | 1 | 4 |
_aProcesamiento automático de datos en climatología. _991766 |
| 830 | 0 |
_aTechnical memorandum _v; x-58197 |
|
| 901 | _aBK | ||
| 942 | _cFOLL | ||
| 949 |
_aFolleto 9978 _bBC _cFOLL _d-30491 _eTS1 _i77620 _mD _si |
||
| 999 |
_c67176 _d67176 |
||